[Event "VIII Torneo Internazionale B"]
[Site "Montecatini Terme ITA"]
[Date "2002.01.30"]
[Round "6"]
[White "Costantini, Roberto"]
[Black "Sciortino, Massimo"]
[Result "1-0"]
[WhiteElo "2329"]
[BlackElo "2219"]
[PlyCount "81"]
[EventDate "2002.01.26"]

1. e4 c5 2. Nf3 d6 3. d4 cxd4 4. Nxd4 Nf6 5. Nc3 g6 6. Be3 Bg7 7. f3 a6 8. Bc4
b5 9. Bb3 Bb7 10. Qd2 Nbd7 11. Bh6 Bxh6 12. Qxh6 Qb6 13. O-O-O Nc5 14. Kb1 Nxb3
15. Nxb3 O-O-O 16. Rhe1 Kb8 17. a4 bxa4 18. Nxa4 Qb4 19. Nc3 Rc8 20. Qe3 Rc7
21. Rd4 Qb6 22. Ra4 Qxe3 23. Rxe3 Rhc8 24. Na5 e6 25. Rb4 Ka7 26. Rd3 Ne8 27.
Nd1 Ba8 28. Ne3 Rc5 29. Nac4 d5 30. exd5 exd5 31. Nb6 Rd8 32. Nxa8 Kxa8 33.
Rbd4 Nc7 34. c4 Re8 35. cxd5 Nb5 36. Re4 Rec8 37. d6 Rc1+ 38. Ka2 Rd8 39. d7
Na7 40. Re8 Nc6 41. Rd6 1-0

[Event "VIII Torneo Internazionale B"]
[Site "Montecatini Terme ITA"]
[Date "2002.01.30"]
[Round "6"]
[White "Ivanov, Jordan"]
[Black "Mrdja, Milan"]
[Result "1/2-1/2"]
[WhiteElo "2410"]
[BlackElo "2399"]
[PlyCount "40"]
[EventDate "2002.01.26"]

1. d4 d5 2. c4 c6 3. Nf3 Nf6 4. Nc3 g6 5. e3 Bg7 6. Bd3 O-O 7. O-O dxc4 8. Bxc4
Bg4 9. h3 Bxf3 10. Qxf3 Nbd7 11. Rd1 e5 12. d5 e4 13. Nxe4 Ne5 14. Nxf6+ Bxf6
15. Qe2 Nxc4 16. Qxc4 cxd5 17. Rxd5 Rc8 18. Qb3 Qc7 19. Bd2 Qc2 20. Qxb7 Bxb2
1/2-1/2

[Event "VIII Torneo Internazionale B"]
[Site "Montecatini Terme ITA"]
[Date "2002.01.30"]
[Round "6"]
[White "Passerotti, Pierluigi"]
[Black "Naumkin, Igor"]
[Result "0-1"]
[WhiteElo "2276"]
[BlackElo "2441"]
[PlyCount "78"]
[EventDate "2002.01.26"]

1. d4 e6 2. e4 d5 3. exd5 exd5 4. Bd3 c5 5. c3 cxd4 6. cxd4 Nc6 7. Nf3 Bg4 8.
O-O Bd6 9. Nc3 Nge7 10. Re1 h6 11. h3 Be6 12. a3 O-O 13. b4 Rc8 14. Bb2 Bb8 15.
Rc1 Bf5 16. Na4 Bxd3 17. Qxd3 Ng6 18. Qf5 Nf4 19. Nc5 b6 20. Nb3 g6 21. Qb1 Qf6
22. Rc3 Ne7 23. Qc2 Rxc3 24. Qxc3 Rc8 25. Qe3 Nf5 26. Qd2 Nd6 27. Qd1 Ne4 28.
Re3 Nd6 29. Re1 Qf5 30. Bc1 Nb5 31. Ne5 Bxe5 32. Rxe5 Qb1 33. Qf1 Nd3 34. Bxh6
Qxf1+ 35. Kxf1 Nxe5 36. dxe5 Nxa3 37. Nd4 Nc2 38. Nb5 a5 39. bxa5 bxa5 0-1

[Event "VIII Torneo Internazionale B"]
[Site "Montecatini Terme ITA"]
[Date "2002.01.31"]
[Round "7"]
[White "Ivanov, Jordan"]
[Black "Passerotti, Pierluigi"]
[Result "1-0"]
[WhiteElo "2410"]
[BlackElo "2276"]
[PlyCount "55"]
[EventDate "2002.01.26"]

1. Nf3 d5 2. d4 e6 3. c4 c6 4. e3 Nd7 5. Bd3 Ngf6 6. O-O Bd6 7. Nbd2 O-O 8. e4
dxe4 9. Nxe4 Nxe4 10. Bxe4 h6 11. Bc2 b6 12. Qd3 Nf6 13. b3 c5 14. Bb2 Re8 15.
Rfe1 cxd4 16. Nxd4 Bb7 17. Qh3 Bc5 18. Rad1 Qd7 19. Kf1 Bb4 20. Re3 Rad8 21. a3
Bc5 22. Nxe6 Qxd1+ 23. Bxd1 Rxd1+ 24. Ke2 Rb1 25. Bxf6 Bxe3 26. Nxg7 Bc8 27.
Qf3 h5 28. h3 1-0

[Event "VIII Torneo Internazionale B"]
[Site "Montecatini Terme ITA"]
[Date "2002.01.31"]
[Round "7"]
[White "Mrdja, Milan"]
[Black "Costantini, Roberto"]
[Result "1-0"]
[WhiteElo "2399"]
[BlackElo "2329"]
[PlyCount "117"]
[EventDate "2002.01.26"]

1. e4 c5 2. Nf3 d6 3. d4 Nf6 4. Nc3 cxd4 5. Nxd4 a6 6. a4 Nc6 7. Be2 e5 8. Nb3
Be7 9. O-O O-O 10. Kh1 Be6 11. Bf3 Nb4 12. Re1 Rc8 13. a5 b5 14. Be3 Re8 15.
Bb6 Qd7 16. Re2 Bf8 17. Rd2 Qb7 18. Nc1 Nd7 19. Be3 Kh8 20. Nd3 Nc6 21. Nd5 g6
22. N3b4 f6 23. c3 Nd8 24. g3 Nf7 25. Bg2 Bg7 26. h3 Nc5 27. Kh2 Rcd8 28. Rc1
Bf8 29. Qc2 Bd7 30. Rcd1 Be6 31. b3 f5 32. f3 Bh6 33. Bxh6 Nxh6 34. Nd3 Nd7 35.
Nf2 Nf7 36. f4 Bxd5 37. Rxd5 Nf6 38. exf5 Nxd5 39. Bxd5 Qe7 40. fxg6 Nh6 41.
Qd2 Rf8 42. Re1 hxg6 43. fxe5 Qh7 44. Kg2 dxe5 45. Ng4 Nf5 46. Nxe5 Ne7 47. c4
bxc4 48. bxc4 Nxd5 49. cxd5 Rd6 50. Qb4 Rdf6 51. Ng4 R6f7 52. h4 Qh5 53. Qd4+
Kh7 54. Re5 Rf5 55. Re7+ R8f7 56. d6 g5 57. Nf6+ R5xf6 58. Qxf6 Rxe7 59. Qxe7+
1-0

[Event "VIII Torneo Internazionale B"]
[Site "Montecatini Terme ITA"]
[Date "2002.01.31"]
[Round "7"]
[White "Sciortino, Massimo"]
[Black "Naumkin, Igor"]
[Result "1/2-1/2"]
[WhiteElo "2219"]
[BlackElo "2441"]
[PlyCount "24"]
[EventDate "2002.01.26"]

1. c4 e5 2. Nc3 Nf6 3. g3 d5 4. cxd5 Nxd5 5. Bg2 Nb6 6. Nf3 Nc6 7. d3 Be7 8.
O-O O-O 9. a3 a5 10. b3 Kh8 11. Bb2 f5 12. Rb1 Bf6 1/2-1/2

[Event "VIII Torneo Internazionale B"]
[Site "Montecatini Terme ITA"]
[Date "2002.02.01"]
[Round "9"]
[White "Costantini, Roberto"]
[Black "Passerotti, Pierluigi"]
[Result "1-0"]
[WhiteElo "2329"]
[BlackElo "2276"]
[PlyCount "67"]
[EventDate "2002.01.26"]

1. e4 c5 2. Nf3 d6 3. d4 cxd4 4. Nxd4 Nf6 5. Nc3 a6 6. Be3 e5 7. Nb3 Be6 8. f3
Nbd7 9. g4 Nb6 10. g5 Nfd7 11. Qd2 h6 12. O-O-O hxg5 13. Bxg5 Qc7 14. h4 Rc8
15. Kb1 Nc4 16. Bxc4 Bxc4 17. Qg2 Nb6 18. Rhe1 Be6 19. Nd5 Nxd5 20. exd5 Bf5
21. Nd4 Bh7 22. Re2 Rg8 23. f4 f6 24. fxe5 dxe5 25. Qg4 Bd6 26. Qe6+ Kf8 27.
Bxf6 Re8 28. Bxg7+ Kxg7 29. Rg2+ Kh8 30. Qf6+ Rg7 31. Ne6 Qe7 32. Qxg7+ Qxg7
33. Rxg7 Bf5 34. Rxb7 1-0

[Event "VIII Torneo Internazionale B"]
[Site "Montecatini Terme ITA"]
[Date "2002.02.01"]
[Round "9"]
[White "Ivanov, Jordan"]
[Black "Naumkin, Igor"]
[Result "1/2-1/2"]
[WhiteElo "2410"]
[BlackElo "2441"]
[PlyCount "21"]
[EventDate "2002.01.26"]

1. d4 d5 2. Nf3 Nf6 3. c4 c6 4. Nbd2 dxc4 5. a4 Bf5 6. e3 e6 7. Bxc4 Bb4 8. O-O
Nbd7 9. Qe2 O-O 10. e4 Bg6 11. Bd3 1/2-1/2

[Event "VIII Torneo Internazionale B"]
[Site "Montecatini Terme ITA"]
[Date "2002.02.01"]
[Round "9"]
[White "Mrdja, Milan"]
[Black "Sciortino, Massimo"]
[Result "1-0"]
[WhiteElo "2399"]
[BlackElo "2219"]
[PlyCount "51"]
[EventDate "2002.01.26"]

1. e4 e5 2. f4 exf4 3. Bc4 Nf6 4. Nc3 c6 5. Bb3 d5 6. exd5 cxd5 7. d4 Bd6 8.
Nge2 Bg4 9. Qd3 O-O 10. O-O g5 11. g3 Bh3 12. Rf3 Bg4 13. Rf2 fxg3 14. Nxg3 h6
15. Nf5 Bxf5 16. Qxf5 Nbd7 17. Bxg5 hxg5 18. Qxg5+ Kh8 19. Qh6+ Nh7 20. Qxd6
Qg5+ 21. Kh1 Ndf6 22. Rg1 Ng4 23. Rfg2 f5 24. Nxd5 Nhf6 25. Qf4 Qh4 26. Ne7 1-0

[Event "VIII Torneo Internazionale B"]
[Site "Montecatini Terme ITA"]
[Date "2002.02.02"]
[Round "10"]
[White "Passerotti, Pierluigi"]
[Black "Mrdja, Milan"]
[Result "0-1"]
[WhiteElo "2276"]
[BlackElo "2399"]
[PlyCount "64"]
[EventDate "2002.01.26"]

1. d4 c5 2. d5 Nf6 3. c4 e6 4. Nc3 exd5 5. cxd5 d6 6. e4 g6 7. Bd3 Bg7 8. Nge2
O-O 9. O-O Na6 10. Bg5 h6 11. Bh4 g5 12. Bg3 Nh5 13. Qd2 Nc7 14. f4 Nxg3 15.
Nxg3 gxf4 16. Qxf4 Qg5 17. Qxd6 Qe3+ 18. Kh1 Ne8 19. Rf3 Qd2 20. Qf4 Qxb2 21.
e5 Qxa1+ 22. Bb1 f5 23. Nh5 a5 24. Nxg7 Nxg7 25. Rg3 Ra6 26. e6 Rb6 27. h3
Rxb1+ 28. Nxb1 Qxb1+ 29. Kh2 Qb2 30. e7 Re8 31. d6 Kh7 32. Qa4 Qe5 0-1

[Event "VIII Torneo Internazionale B"]
[Site "Montecatini Terme ITA"]
[Date "2002.02.02"]
[Round "10"]
[White "Sciortino, Massimo"]
[Black "Ivanov, Jordan"]
[Result "1/2-1/2"]
[WhiteElo "2219"]
[BlackElo "2410"]
[PlyCount "20"]
[EventDate "2002.01.26"]

1. e4 c5 2. f4 d5 3. exd5 Nf6 4. Bb5+ Bd7 5. Qe2 Nxd5 6. Bxd7+ Qxd7 7. d3 Nc6
8. Nf3 e6 9. Nc3 Be7 10. O-O O-O 1/2-1/2

[Event "II Weekend A"]
[Site "Asolo ITA"]
[Date "2002.01.25"]
[Round "1"]
[White "Doric, Darko"]
[Black "Pojer, Romeo"]
[Result "1-0"]
[WhiteElo "2253"]
[BlackElo "2116"]
[PlyCount "123"]
[EventDate "2002.01.25"]

1. d4 Nf6 2. Bg5 Ng4 3. Bf4 c5 4. f3 Nf6 5. dxc5 Na6 6. e4 Nxc5 7. Nc3 d6 8.
Bc4 Be6 9. Bxe6 Nxe6 10. Be3 g6 11. Nge2 Bg7 12. O-O O-O 13. Qd2 Re8 14. Rab1
h5 15. Nd5 Nxd5 16. Qxd5 Qc8 17. c4 Qc6 18. Rfc1 Rec8 19. Qd2 a5 20. Nc3 Nc7
21. b3 Rcb8 22. a4 Kh7 23. Nd5 Nxd5 24. exd5 Qd7 25. Re1 Re8 26. Bf4 Qf5 27.
Rbd1 h4 28. h3 Bf6 29. Re4 b6 30. Be3 Rab8 31. Re1 g5 32. Bd4 Bxd4+ 33. Qxd4
Rb7 34. Kh2 Qg6 35. R1e2 Qg7 36. Qf2 Qf6 37. f4 Rh8 38. fxg5 Qxf2 39. Rxf2 Kg6
40. Rg4 Rh7 41. g3 hxg3+ 42. Kxg3 Rc7 43. h4 Rd7 44. Rgf4 Rc7 45. Kg4 Rc8 46.
Re2 Re8 47. Rfe4 f5+ 48. gxf6 Kxf6 49. Re6+ Kf7 50. Rf2+ Kg8 51. Kg5 Rg7+ 52.
Rg6 e5 53. dxe6 Rxe6 54. Rxg7+ Kxg7 55. Rf5 Rg6+ 56. Kf4 Rh6 57. h5 Rh8 58. Kg5
Rg8 59. h6+ Kh7+ 60. Kf6 Rg6+ 61. Ke7 Kxh6 62. Rf6 1-0

[Event "II Weekend A"]
[Site "Asolo ITA"]
[Date "2002.01.25"]
[Round "1"]
[White "Mufic, Goran"]
[Black "Alberton, Roberto"]
[Result "1-0"]
[WhiteElo "2341"]
[BlackElo "2112"]
[PlyCount "127"]
[EventDate "2002.01.25"]

1. e4 c5 2. c3 Nf6 3. e5 Nd5 4. d4 cxd4 5. Qxd4 e6 6. Nf3 Nc6 7. Qe4 d6 8. Nbd2
Nxe5 9. Nxe5 dxe5 10. Qxe5 Qc7 11. Bb5+ Bd7 12. Bxd7+ Qxd7 13. Ne4 Qc7 14. Qd4
Qb6 15. Qa4+ Qc6 16. Qxc6+ bxc6 17. Ke2 Be7 18. c4 Nf6 19. Nc3 O-O-O 20. Be3
Rd7 21. Rhd1 Rhd8 22. Rxd7 Rxd7 23. f3 Rb7 24. b3 Ba3 25. Rd1 a6 26. Na4 Nd7
27. g4 Be7 28. Kd3 c5 29. Ke4 Kc7 30. f4 Kc6 31. g5 Nb6 32. Nb2 Bd6 33. Bd2 Rd7
34. Bc3 g6 35. Rd3 Nc8 36. Rh3 Ne7 37. Rxh7 Nf5 38. Nd3 Bc7 39. Rh3 Nd6+ 40.
Ke3 Nf5+ 41. Ke2 Nd4+ 42. Bxd4 Rxd4 43. Ke3 a5 44. Rh7 Rd7 45. h4 a4 46. h5
gxh5 47. Rxh5 axb3 48. axb3 Bd6 49. Rh7 Rb7 50. Kd2 Rd7 51. Kc3 Bc7 52. g6 fxg6
53. Rxd7 Kxd7 54. Nxc5+ Ke7 55. Nd3 Kf6 56. Kd4 Kf5 57. Ke3 g5 58. fxg5 e5 59.
Nc5 Bb6 60. b4 Kxg5 61. Ke4 Bxc5 62. bxc5 Kf6 63. c6 Ke6 64. c5 1-0

[Event "II Weekend A"]
[Site "Asolo ITA"]
[Date "2002.01.25"]
[Round "1"]
[White "Navarro, Stefano"]
[Black "Naumkin, Igor"]
[Result "0-1"]
[WhiteElo "2148"]
[BlackElo "2441"]
[PlyCount "90"]
[EventDate "2002.01.25"]

1. e4 e6 2. d3 d5 3. Nd2 Nf6 4. g3 Nc6 5. Bg2 dxe4 6. Nxe4 Nxe4 7. Bxe4 e5 8.
Be3 Bd6 9. Ne2 Bh3 10. f4 Qd7 11. Qd2 O-O 12. O-O-O a5 13. d4 exf4 14. Bxf4 Bg4
15. h3 Bxe2 16. Qxe2 Bxf4+ 17. gxf4 Rae8 18. Qd3 Nb4 19. Bxh7+ Kh8 20. Qf5
Nxa2+ 21. Kb1 Qxf5 22. Bxf5 Nb4 23. Rhe1 c6 24. Bd7 Rxe1 25. Rxe1 Nd5 26. Bg4
Nxf4 27. Re7 f5 28. Bf3 Nxh3 29. Rxb7 f4 30. Bxc6 f3 31. Bb5 f2 32. Bf1 Nf4 33.
Rb3 Re8 34. Rf3 Re1+ 35. Ka2 Rxf1 36. Rxf4 g5 37. Rf5 g4 38. d5 g3 39. Rh5+ Kg7
40. Rg5+ Kh6 41. Rxg3 Rd1 42. Rf3 f1=Q 43. Rxf1 Rxf1 44. c4 Kg6 45. Kb3 Rc1 0-1

[Event "II Weekend A"]
[Site "Asolo ITA"]
[Date "2002.01.25"]
[Round "1"]
[White "Opacic, Alexandar"]
[Black "Cacco, Christian"]
[Result "1-0"]
[WhiteElo "2112"]
[BlackElo "2254"]
[PlyCount "79"]
[EventDate "2002.01.25"]

1. e4 g6 2. d4 Bg7 3. Nc3 c6 4. g3 d6 5. Bg2 b5 6. Nf3 Qc7 7. O-O Nd7 8. a3 Rb8
9. Be3 Ngf6 10. h3 e5 11. Qd2 O-O 12. Bh6 Re8 13. Bxg7 Kxg7 14. Nh4 Nf8 15. f4
Qb6 16. fxe5 dxe5 17. Qg5 Qxd4+ 18. Kh2 Nh5 19. Nf5+ Bxf5 20. exf5 f6 21. Qg4
Qc5 22. Ne4 Qe7 23. Rad1 Rbd8 24. b4 a5 25. Nc5 axb4 26. axb4 Qc7 27. Be4 Kf7
28. fxg6+ hxg6 29. Bxg6+ Nxg6 30. Qxh5 Kg7 31. Rxd8 Qxd8 32. Rd1 Qc8 33. Rd7+
Re7 34. Ne6+ Kf7 35. Rd8 Qxd8 36. Nxd8+ Kg7 37. Qf5 e4 38. Nxc6 Rc7 39. Qxe4 f5
40. Qd4+ 1-0

[Event "II Weekend A"]
[Site "Asolo ITA"]
[Date "2002.01.25"]
[Round "1"]
[White "Pietrobon, Fabio"]
[Black "Lain, Luigi"]
[Result "1-0"]
[WhiteElo "1969"]
[BlackElo "2164"]
[PlyCount "57"]
[EventDate "2002.01.25"]

1. d4 d5 2. Nf3 Nf6 3. Bf4 e6 4. e3 Be7 5. Nbd2 O-O 6. Bd3 Nbd7 7. Ne5 c5 8. c3
Nxe5 9. dxe5 Nd7 10. Qh5 g6 11. Qg4 Qb6 12. Rb1 Rd8 13. h4 Nf8 14. h5 d4 15.
hxg6 fxg6 16. exd4 cxd4 17. c4 Bb4 18. Ke2 Bxd2 19. Bxd2 Qc7 20. f4 b6 21. Bb4
Qf7 22. Rh6 Rd7 23. Rbh1 Ba6 24. Bxf8 Qxf8 25. Bxg6 Bxc4+ 26. Kd1 Rg7 27. Bxh7+
Kf7 28. Rf6+ Ke7 29. Rxf8 1-0

[Event "II Weekend A"]
[Site "Asolo ITA"]
[Date "2002.01.25"]
[Round "1"]
[White "Raineri, Valerio"]
[Black "Solinas, Carlo"]
[Result "0-1"]
[WhiteElo "2175"]
[BlackElo "2058"]
[PlyCount "80"]
[EventDate "2002.01.25"]

1. e4 e5 2. Nf3 Nc6 3. Bb5 f5 4. Nc3 fxe4 5. Nxe4 d5 6. Nxe5 dxe4 7. Nxc6 Qd5
8. c4 Qd6 9. Qh5+ g6 10. Qe5+ Qxe5 11. Nxe5+ c6 12. Nxc6 a6 13. Nd4+ axb5 14.
Nxb5 Kd8 15. O-O Bd7 16. Nc3 Nf6 17. Re1 Bc5 18. Nxe4 Nxe4 19. Rxe4 Bf5 20. Re5
Bd6 21. Rd5 Re8 22. f4 Kc7 23. d3 Re1+ 24. Kf2 Rae8 25. c5 R8e2+ 26. Kf3 Bf8
27. g4 Bd7 28. Re5 Bc6+ 29. Kg3 Rxe5 30. fxe5 Bh6 31. Bxh6 Rxa1 32. Kf4 Kd7 33.
Ke3 Rxa2 34. Bg7 Ke6 35. Kf4 Rxb2 36. h4 Rb4+ 37. Kg5 Bf3 38. Kh6 Bxg4 39. Kxh7
Bf5 40. Bf6 Rxh4+ 0-1

[Event "II Weekend A"]
[Site "Asolo ITA"]
[Date "2002.01.26"]
[Round "2"]
[White "Cacco, Christian"]
[Black "Navarro, Stefano"]
[Result "1-0"]
[WhiteElo "2254"]
[BlackElo "2148"]
[PlyCount "133"]
[EventDate "2002.01.25"]

1. d4 d5 2. Nf3 e6 3. c4 c6 4. e3 Nf6 5. Nc3 Nbd7 6. Bd3 dxc4 7. Bxc4 b5 8. Bb3
Bb7 9. O-O b4 10. Ne2 c5 11. Ne5 Nxe5 12. dxe5 Qxd1 13. Rxd1 Nd7 14. Ba4 O-O-O
15. f4 Nb6 16. Rxd8+ Kxd8 17. Bc2 c4 18. e4 Bc5+ 19. Kf1 Kc7 20. f5 exf5 21.
exf5 Nd5 22. Nf4 Ne3+ 23. Bxe3 Bxe3 24. g3 Bd4 25. e6 Bxb2 26. Rb1 Be5 27. Rxb4
Bxf4 28. Rxc4+ Kd6 29. Rxf4 fxe6 30. fxe6 Kxe6 31. Bb3+ Bd5 32. Bxd5+ Kxd5 33.
Rf7 g6 34. Rxa7 Ke6 35. a4 h5 36. a5 Rb8 37. Ra6+ Kf5 38. Rb6 Rc8 39. Rb5+ Kg4
40. Rb4+ Kf5 41. Ra4 Ra8 42. a6 Ke5 43. a7 Kd5 44. Ra6 Kd4 45. Kg2 g5 46. g4 h4
47. Ra5 Ke4 48. Kh3 Kf4 49. Rf5+ Ke4 50. Rxg5 Rxa7 51. Kxh4 Rf7 52. h3 Kf4 53.
Rh5 Rf6 54. Rh7 Rf8 55. Rh6 Rf7 56. g5 Kf5 57. Kh5 Rf8 58. h4 Ke5 59. Rh7 Kf5
60. Kh6 Ra8 61. g6 Ra6 62. h5 Rb6 63. Ra7 Kf6 64. Rf7+ Ke6 65. Kg7 Rb8 66. h6
Re8 67. h7 1-0

[Event "II Weekend A"]
[Site "Asolo ITA"]
[Date "2002.01.26"]
[Round "2"]
[White "Lain, Luigi"]
[Black "Zanin, Dario"]
[Result "1-0"]
[WhiteElo "2164"]
[BlackElo "2036"]
[PlyCount "73"]
[EventDate "2002.01.25"]

1. d4 Nf6 2. c4 g6 3. Nc3 Bg7 4. e4 d6 5. f3 O-O 6. Be3 e5 7. d5 Ne8 8. Qd2 f5
9. exf5 Bxf5 10. g4 Bxg4 11. fxg4 Qh4+ 12. Bf2 Qxg4 13. Qe2 Qf4 14. Qe3 Qf7 15.
Bh3 Qe7 16. O-O-O Nd7 17. Nge2 Nb6 18. b3 a5 19. Kb2 e4 20. Be6+ Kh8 21. Rhf1
Rf3 22. Qxe4 Qf8 23. Bxb6 Rxf1 24. Rxf1 Qxf1 25. Bd4 Nf6 26. Qf4 Qxf4 27. Nxf4
c5 28. Be3 Ne4 29. Nfe2 Rf8 30. Kc2 Nxc3 31. Nxc3 Rf3 32. Bd2 Rf2 33. h3 a4 34.
Ne4 axb3+ 35. axb3 Re2 36. Kd3 Rg2 37. Nxd6 1-0

[Event "II Weekend A"]
[Site "Asolo ITA"]
[Date "2002.01.26"]
[Round "2"]
[White "Pietrobon, Fabio"]
[Black "Doric, Darko"]
[Result "0-1"]
[WhiteElo "1969"]
[BlackElo "2253"]
[PlyCount "82"]
[EventDate "2002.01.25"]

1. d4 Nf6 2. Nf3 c5 3. e3 d5 4. Nbd2 Nc6 5. b3 Bg4 6. Bb2 e6 7. Be2 Be7 8. O-O
O-O 9. c4 cxd4 10. exd4 Qb6 11. c5 Qc7 12. a3 a5 13. Rc1 Rfc8 14. Qc2 b6 15.
cxb6 Qxb6 16. Qd3 Rcb8 17. Qc2 Bxf3 18. Bxf3 Nxd4 19. Bxd4 Qxd4 20. Rfd1 Bxa3
21. Ne4 Qe5 22. Nxf6+ Qxf6 23. Rb1 Rc8 24. Qa2 Bb4 25. Rb2 Rc3 26. Rc2 Rac8 27.
Rxc3 Rxc3 28. Qa4 g6 29. Qa2 Qf5 30. Qb1 Qe5 31. Qa1 d4 32. Qb1 Qc5 33. Be2 e5
34. Bd3 Kg7 35. f3 Qb6 36. Kh1 Be7 37. Bc4 a4 38. Qe4 Qc5 39. Qd5 Qxd5 40. Bxd5
axb3 41. Rb1 b2 0-1

[Event "II Weekend A"]
[Site "Asolo ITA"]
[Date "2002.01.26"]
[Round "2"]
[White "Pojer, Romeo"]
[Black "Raineri, Valerio"]
[Result "1/2-1/2"]
[WhiteElo "2116"]
[BlackElo "2175"]
[PlyCount "67"]
[EventDate "2002.01.25"]

1. e4 e5 2. Nf3 Nc6 3. Bb5 a6 4. Ba4 Nf6 5. O-O Be7 6. Re1 b5 7. Bb3 O-O 8. c3
d5 9. exd5 Nxd5 10. Nxe5 Nxe5 11. Rxe5 c6 12. d4 Bd6 13. Re1 Qh4 14. g3 Qh3 15.
Re4 g5 16. Qf1 Qh5 17. Bd1 Qg6 18. Re1 Bf5 19. Nd2 Rae8 20. Nf3 f6 21. Bd2 Rxe1
22. Nxe1 Re8 23. a4 Bd7 24. b3 f5 25. axb5 axb5 26. Ra7 Nf6 27. Bc2 Re7 28. Nf3
h6 29. Qb1 Qh5 30. Kg2 f4 31. Rxd7 Nxd7 32. Bg6 Qg4 33. Bf5 Qh5 34. Bg6 1/2-1/2

[Event "II Weekend A"]
[Site "Asolo ITA"]
[Date "2002.01.26"]
[Round "2"]
[White "Popa, Claudiu"]
[Black "Mufic, Goran"]
[Result "0-1"]
[WhiteElo "2068"]
[BlackElo "2341"]
[PlyCount "124"]
[EventDate "2002.01.25"]

1. e4 c6 2. d4 d5 3. Nd2 dxe4 4. Nxe4 Nd7 5. Nf3 Ngf6 6. Nxf6+ Nxf6 7. c3 Qc7
8. g3 Bg4 9. Bg2 e6 10. Bf4 Qb6 11. Qb3 Nd5 12. Bd2 Be7 13. Ne5 Bf5 14. O-O O-O
15. Nd7 Qxb3 16. axb3 Rfd8 17. Ne5 a6 18. b4 Bf6 19. Rfe1 Nb6 20. Bf1 Kf8 21.
f4 h6 22. g4 Bh7 23. g5 Bxe5 24. fxe5 h5 25. Be3 Nd5 26. Kf2 Bf5 27. Kg3 Ke7
28. Bg2 Rh8 29. h4 Kd7 30. Bxd5 cxd5 31. Bf4 Kc6 32. Kf2 b6 33. Ra3 Kb5 34. Ke3
Ra7 35. Rea1 Rha8 36. Kd2 Be4 37. Be3 Rf8 38. Rf1 Bf5 39. Rg1 f6 40. gxf6 gxf6
41. exf6 Rxf6 42. Rg8 Rg6 43. Rxg6 Bxg6 44. Ra1 Rf7 45. Rg1 Bf5 46. b3 Bg4 47.
Ra1 Rf3 48. Rh1 Rg3 49. Rh2 Rf3 50. Rh1 Bf5 51. Ke2 Be4 52. Rh2 Rg3 53. Kf2 Rg4
54. Bg5 Bc2 55. Rg2 Re4 56. Rg3 Bxb3 57. Re3 a5 58. bxa5 bxa5 59. Rxe4 dxe4 60.
Ke3 Bd5 61. Be7 Kc4 62. Kd2 Kb3 0-1

[Event "II Weekend A"]
[Site "Asolo ITA"]
[Date "2002.01.26"]
[Round "2"]
[White "Topalovic, Zlatko"]
[Black "Alberton, Roberto"]
[Result "0-1"]
[WhiteElo "2223"]
[BlackElo "2112"]
[PlyCount "64"]
[EventDate "2002.01.25"]

1. e4 e6 2. d4 d5 3. e5 c5 4. Nf3 cxd4 5. Bd3 Nc6 6. O-O Qc7 7. Re1 Bd7 8. a3
f6 9. Bf4 g5 10. Bg3 O-O-O 11. exf6 Bd6 12. Nxg5 e5 13. Nf7 Nxf6 14. Nxd8 Rxd8
15. Nd2 e4 16. Bxd6 Qxd6 17. Bb5 Bg4 18. Be2 Rg8 19. Bxg4+ Nxg4 20. Nf1 Qg6 21.
Qe2 Nxh2 22. Ng3 Ng4 23. Nxe4 dxe4 24. Qxe4 Qg7 25. b4 Nce5 26. Rad1 Qf6 27. f4
Qh4 28. fxe5 Qf2+ 29. Kh1 Rg6 30. Qxg6 hxg6 31. e6 Ne3 32. Rxe3 Qxe3 0-1

[Event "II Weekend A"]
[Site "Asolo ITA"]
[Date "2002.01.26"]
[Round "3"]
[White "Alberton, Roberto"]
[Black "Pietrobon, Fabio"]
[Result "0-1"]
[WhiteElo "2112"]
[BlackElo "1969"]
[PlyCount "130"]
[EventDate "2002.01.25"]

1. e4 c5 2. Nf3 d6 3. d4 cxd4 4. Nxd4 Nf6 5. Nc3 e6 6. Be2 Be7 7. Be3 Nc6 8.
Qd2 a6 9. a4 O-O 10. f4 Qc7 11. O-O Bd7 12. Nb3 b6 13. Kh1 Rfd8 14. Bf3 Rac8
15. Qf2 Rb8 16. g4 Nb4 17. g5 Ne8 18. Bg2 d5 19. exd5 exd5 20. Nd4 Nd6 21. f5
Bf8 22. Nxd5 Nxd5 23. Bxd5 Nc4 24. Bf4 Qc5 25. Bg2 Rbc8 26. b3 Ne5 27. h3 Nc6
28. Nxc6 Bxc6 29. c4 Qxf5 30. Qg3 Rd3 31. Be3 Qe6 32. Rae1 Bd6 33. Qg4 Qxg4 34.
hxg4 Bxg2+ 35. Kxg2 Rxb3 36. Bf4 Bxf4 37. Rxf4 Rd8 38. Rfe4 Rf8 39. a5 bxa5 40.
Ra1 Rc8 41. Rxa5 Rb6 42. c5 Rb5 43. Rxb5 axb5 44. c6 Kf8 45. Rb4 Rxc6 46. Rxb5
Rc3 47. Re5 Rc6 48. Kg3 h6 49. gxh6 Rxh6 50. g5 Re6 51. Ra5 Re4 52. Ra7 Kg8 53.
Rb7 Re1 54. Kg4 Rf1 55. Rb6 Kh7 56. Ra6 f6 57. gxf6 gxf6 58. Rb6 Kg6 59. Ra6
Rb1 60. Kf4 Rb4+ 61. Kf3 Kg5 62. Ra5+ f5 63. Ra8 Rb3+ 64. Kf2 Kg4 65. Rg8+ Kf4
0-1

[Event "II Weekend A"]
[Site "Asolo ITA"]
[Date "2002.01.26"]
[Round "3"]
[White "Cacco, Christian"]
[Black "Naumkin, Igor"]
[Result "1/2-1/2"]
[WhiteElo "2254"]
[BlackElo "2441"]
[PlyCount "53"]
[EventDate "2002.01.25"]

1. d4 e6 2. Nf3 Nf6 3. Bg5 c5 4. e3 Be7 5. Nbd2 b6 6. Bd3 Bb7 7. c3 Nc6 8. a3
cxd4 9. cxd4 h6 10. Bh4 O-O 11. O-O Nd5 12. Bg3 f5 13. e4 fxe4 14. Bxe4 Rc8 15.
Re1 b5 16. Qb3 Nf6 17. Qxb5 Nxe4 18. Nxe4 Ba8 19. Rad1 Rf5 20. Ne5 d6 21. Nxc6
Bxc6 22. Qe2 Bd5 23. Nc3 Bb3 24. Qe4 Qd7 25. Rd2 a5 26. Qg4 Rcf8 27. Ne4
1/2-1/2

[Event "II Weekend A"]
[Site "Asolo ITA"]
[Date "2002.01.26"]
[Round "3"]
[White "Navarro, Stefano"]
[Black "Pojer, Romeo"]
[Result "1-0"]
[WhiteElo "2148"]
[BlackElo "2116"]
[PlyCount "81"]
[EventDate "2002.01.25"]

1. e4 d6 2. d4 Nf6 3. Nc3 g6 4. f3 c6 5. Be3 b5 6. a3 Nbd7 7. Nge2 Bg7 8. Qd2
Nb6 9. Ng3 h5 10. Be2 h4 11. Nf1 Rb8 12. Rb1 a6 13. Qd1 Qc7 14. Nd2 c5 15. Nb3
b4 16. Na2 Na4 17. c3 bxa3 18. bxa3 O-O 19. d5 e6 20. c4 exd5 21. exd5 Re8 22.
Kf2 Qe7 23. Qd2 Bf5 24. Bd3 Nb6 25. Rhc1 Qxe3+ 26. Qxe3 Rxe3 27. Bxf5 Nxc4 28.
Nd2 Rbe8 29. Nxc4 Re2+ 30. Kf1 gxf5 31. Nc3 R2e7 32. Nxd6 Rd8 33. Nxf5 Re5 34.
Nxh4 Nxd5 35. Ne4 Ne3+ 36. Kf2 Rh5 37. g3 Bd4 38. Ke2 f5 39. Nxc5 Re8 40. Kd3
Rd8 41. Ne6 1-0

[Event "II Weekend A"]
[Site "Asolo ITA"]
[Date "2002.01.26"]
[Round "3"]
[White "Opacic, Alexandar"]
[Black "Lain, Luigi"]
[Result "0-1"]
[WhiteElo "2112"]
[BlackElo "2164"]
[PlyCount "175"]
[EventDate "2002.01.25"]

1. e4 e5 2. Nf3 Nc6 3. Bb5 a6 4. Ba4 Nf6 5. O-O b5 6. Bb3 Be7 7. Qe2 d6 8. c3
Bg4 9. a4 Na5 10. Bc2 c6 11. d3 O-O 12. Re1 Qc7 13. Nbd2 c5 14. Nf1 Nc6 15. Ng3
b4 16. h3 Be6 17. Ng5 Bd7 18. f4 bxc3 19. bxc3 Qa5 20. Bd2 Rab8 21. fxe5 dxe5
22. d4 cxd4 23. cxd4 Qb6 24. Be3 Nxd4 25. Qf2 Bc5 26. Rab1 Qa7 27. Kh1 Rfc8 28.
Rxb8 Qxb8 29. Bd3 Qa7 30. Nh5 Be7 31. Qa2 Be8 32. Ng3 Bc5 33. Rc1 h6 34. Bxd4
exd4 35. Nf3 Rc7 36. Ne2 Bc6 37. Qb1 Bxa4 38. Qa2 Bc6 39. Qxa6 Qxa6 40. Bxa6
Bxe4 41. Nexd4 Ra7 42. Rxc5 Rxa6 43. Kh2 g6 44. Nd2 Bd5 45. N2f3 Ra2 46. Rc2
Ra3 47. Rc5 Kg7 48. Rb5 Ra2 49. Rc5 Be4 50. Re5 g5 51. Kg1 g4 52. hxg4 Ra1+ 53.
Ne1 Rxe1+ 54. Kf2 Rd1 55. Nf5+ Bxf5 56. Rxf5 Nxg4+ 57. Kg3 Nf6 58. Ra5 Rd2 59.
Rb5 Ne4+ 60. Kh3 Kg6 61. Rb8 Ng5+ 62. Kg3 Kg7 63. Rb4 h5 64. Ra4 Kg6 65. Rb4 f6
66. Ra4 Re2 67. Rb4 Re4 68. Rb8 h4+ 69. Kh2 Re2 70. Kg1 h3 71. gxh3 Nxh3+ 72.
Kh1 Kg5 73. Rg8+ Kf4 74. Rg4+ Ke5 75. Rg8 Nf4 76. Rg4 f5 77. Rg7 Ne6 78. Ra7 f4
79. Kg1 f3 80. Kf1 Nd4 81. Ra5+ Ke4 82. Ra8 Rb2 83. Re8+ Kd3 84. Rd8 Re2 85.
Rd7 Re4 86. Rd8 Ke3 87. Ra8 Nc2 88. Rc8 0-1